El sistema empresa: un enfoque integral de la administración
Αποθηκεύτηκε σε:
| Κύριος συγγραφέας: | |
|---|---|
| Μορφή: | Βιβλίο |
| Γλώσσα: | Ισπανικά |
| Έκδοση: |
Santiago
s.n
2003
|
| Έκδοση: | 7a. ed |
| Θέματα: | |
| Ετικέτες: |
Προσθήκη ετικέτας
Δεν υπάρχουν, Καταχωρήστε ετικέτα πρώτοι!
|
MARC
| LEADER | 00000nam a2200000 a 4500 | ||
|---|---|---|---|
| 001 | UCI9964 | ||
| 003 | CL-VaPUC | ||
| 008 | 081218e20030000cl |||||||||||||||||spa|d | ||
| 082 | 0 | 4 | |a 658.4 |b ILL |2 21 |
| 100 | |a Illanes Frontaura, Pablo |e author |9 534014 | ||
| 245 | 1 | 3 | |a El sistema empresa: un enfoque integral de la administración |
| 250 | |a 7a. ed | ||
| 300 | |a 344 p | ||
| 942 | |c BK | ||
| 945 | |d 20081218 00:00:00 |a jtorresc | ||
| 260 | |a Santiago |b s.n |c 2003 | ||
| 650 | 0 | |a Administración de empresas |9 260833 | |
| 650 | 0 | |a Recursos humanos |9 228420 | |
| 650 | 7 | |a RECURSOS ECONOMICOS |2 CL-VaPUC |9 314744 | |
| 650 | 0 | |a Producción |9 263680 | |
| 650 | 7 | |a PLANIFICACION |2 CL-VaPUC |9 260802 | |
| 650 | 7 | |a COMERCIALIZACION DE PRODUCTOS |2 CL-VaPUC |9 329237 | |
| 650 | 0 | |a Finanzas |9 260832 | |
| 583 | |a last modification |c 20180110 11:15:12 |k Rodrigo Vera | ||
| 999 | |c 332389 |d 332387 | ||
| 952 | |0 0 |1 0 |4 0 |6 658_400000000000000_ILL_2003 |7 0 |8 A |9 420050 |a BIBMEC |b BIBMEC |d 2019-11-22 |i 4507460 |o 658.4 ILL 2003 |p 4507460 |r 2024-01-19 |w 2019-11-22 |y BK |k MEC | ||